00342 a2200121 450000100060000010000050000624500280001126000300003909000170006994200310008699900190011795200840013657582 a aIslam man insani haqooq aLahorebMinhaj ul Quranc c35317d35317 aNUST-CAEcMONOGRAPHc28133 c292655d292655 001040708NFICaCAEbCAEd2017-04-03l0pCAE80269r2017-04-05w2017-04-05yBK